Welke plaatsen - Sudden Death - liggen in de provincie Gelderland - Statistieken

Algemene statistieken
  • Deze quiz is 58 keer genomen
    16 sinds de laatste reset
  • De gemiddelde score is 18 van 23
Answers on the Grid
Answers color-coded by a green-red scale on the quiz's grid according to % correct below.
Beesd
Barneveld
Domburg
Giessendam
Doesburg
Duiven
Druten
Ede
Elburg
Boekel
Culemborg
Bemmel
Ermelo
Epe
Nunspeet
Elst
Lunteren
Kortgene
Nijkerk
Zierikzee
Harderwijk
Wageningen
Voorthuizen
Putte
Putten
Geldermalsen
Hedel
Hoogerheide
Wezep
Zevenaar
 
Antwoordstatistieken
Antwoord % Correct
Ede
100%
Wageningen
100%
Barneveld
92%
Duiven
92%
Harderwijk
92%
Lunteren
85%
Elburg
85%
Elst
85%
Epe
85%
Nijkerk
85%
Nunspeet
85%
Putten
85%
Voorthuizen
85%
Wezep
85%
Zevenaar
85%
Doesburg
77%
Ermelo
77%
Geldermalsen
69%
Beesd
62%
Culemborg
54%
Bemmel
46%
Druten
46%
Hedel
31%
Geen overeenkomende quizzen gevonden
Scoreverdeling
Procent van Mensen met Elke Score
Percentiel versus Aantal Correcte Antwoorden
Uw Scoregeschiedenis
U heeft deze quiz nog niet genomen sinds de laatste reset